00319nam a2200097Ia 45000010005000000080041000050820026000461000061000722450064001332600024001972921241024s9999 xx 000 0 und d a[*SIN CLASIFICACION*] aRepública Dominicana. Ministerio de Educación MINERD 0aBicentenario del Natalicio de Juan Pablo Duarte (1813-2013) bSanto Domingoc2013